000 01545cam a22004094a 4500
001 8206
003 FISKH
005 20250902110813.0
008 040913s2005 nyuab b 000 0beng
010 _a 2004021503
020 _a0448437643
_qpbk.
020 _a9780448437644
020 _a0448438496
_qhardcover
020 _a9780448437644
_q(pbk.)
020 _a9780448438498
_q(hardcover)
040 _aDLC
_cDLC
_dDLC
_beng
050 0 0 _aQH31.D2
_bH766 2005
082 0 0 _a576.8/2/092
_aB
_222
100 1 _aHopkinson, Deborah.
245 1 0 _aWho was Charles Darwin? /
_cby Deborah Hopkinson ; illustrated by Nancy Harrison.
260 _aNew York :
_bGrosset & Dunlap,
_c2005.
300 _a104 pages :
_billustrations ; maps ;
_c20 cm.
336 _atext
_btxt
_2rdacontent
337 _aunmediated
_bn
_2rdamedia
338 _avolume
_bnc
_2rdacarrier
440 0 _aWho was-- ?
504 _aIncludes bibliographical references (p. 102-104).
520 _aAn introduction to the life and accomplishments of the nineteenth-century British naturalist Charles Darwin.
600 1 0 _aDarwin, Charles,
_d1809-1882
_vJuvenile literature.
650 0 _aNaturalists
_zEngland
_vBiography
_vJuvenile literature.
655 7 _aLiterature.
_2lcgft
_0https://id.loc.gov/authorities/genreForms/gf2014026415
655 7 _aBiographies.
_2lcgft
_0https://id.loc.gov/authorities/genreForms/gf2014026049
700 1 _aHarrison, Nancy,
_d1963-
_eillustrator
906 _a7
_bcbc
_corignew
_d1
_eecip
_f20
_gy-gencatlg
942 _2ddc
_cBK
_n0
999 _c8206
_d8206